| 000 | 00872cab a2200277 4500 | ||
|---|---|---|---|
| 001 | ABS51134 | ||
| 008 | 090401t1994 xxu||||| |||| 00| 0 eng d | ||
| 035 | _a(Sirsi) u12248 | ||
| 041 | _aeng | ||
| 100 | _aAtkinson, J. | ||
| 245 | _aLiving with the past | ||
| 260 | _c1994 | ||
| 350 | _a0 | ||
| 490 |
_aContract Journal _v374(5984) 21 July 1994, 18-19(2) |
||
| 520 | _aDiscusses the changes that PPG16 is creating for archaeologists, project managers, and planners since it was introducted in November 1990. Evaluates the problems and looks at funding aspects. | ||
| 650 | _aARCHAEOLOGY | ||
| 650 | _aENGLISH HERITAGE | ||
| 650 | _aOXFORD ARCHAEOLOGICAL UNIT | ||
| 650 | _aPLANNING POLICY | ||
| 650 | _aPPG16 | ||
| 650 | _aWESSEX ARCHAEOLOGY | ||
| 650 | _aYORK CITY COUNCIL | ||
| 690 | _aPLANNING LAW AND PRACTICE | ||
| 942 | _n0 | ||
| 948 | _c04/03/1997 | ||
| 999 |
_c7840 _d7840 |
||